000
00319nam a2200109Ia 4500
008
200302s9999 xx 000 0 und d
100
_a
Wang Shaoqiang
245
_a
M2 Interior Design Public Cor porate Dining Commercial Leisure Hotel &Resort
260
_b
Sandu Publishing Co., Ltd.,
260
_c
2010
300
_a
400 P.,
999
_c
2987
_d
2987